Ethics and problems of the 21st century / (Record no. 26798)
[ view plain ]
| 000 -LEADER | |
|---|---|
| fixed length control field | 00960cam a2200277 i 4500 |
| 001 - CONTROL NUMBER | |
| control field | 4629727 |
| 003 - CONTROL NUMBER IDENTIFIER | |
| control field | ARRUPE |
| 005 - DATE AND TIME OF LATEST TRANSACTION | |
| control field | 20170922123140.0 |
| 008 - FIXED-LENGTH DATA ELEMENTS--GENERAL INFORMATION | |
| fixed length control field | 780426s1979 inu b 001 0 eng |
| 010 ## - LIBRARY OF CONGRESS CONTROL NUMBER | |
| LC control number | 78051522 |
| 020 ## - INTERNATIONAL STANDARD BOOK NUMBER | |
| International Standard Book Number | 0268009066 : |
| Terms of availability | $15.95 |
| 040 ## - CATALOGING SOURCE | |
| Original cataloging agency | DLC |
| Transcribing agency | DLC |
| Modifying agency | DLC |
| 050 00 - LIBRARY OF CONGRESS CALL NUMBER | |
| Classification number | GF80 |
| Item number | .E84 |
| 082 00 - DEWEY DECIMAL CLASSIFICATION NUMBER | |
| Classification number | 301.31 |
| 300 ## - PHYSICAL DESCRIPTION | |
| Dimensions | 24 cm. |
| 245 00 - TITLE STATEMENT | |
| Title | Ethics and problems of the 21st century / |
| Statement of responsibility, etc | edited by K. E. Goodpaster and K. M. Sayre. |
| 260 ## - PUBLICATION, DISTRIBUTION, ETC. (IMPRINT) | |
| Place of publication, distribution, etc | Notre Dame, Ind. : |
| Name of publisher, distributor, etc | University of Notre Dame Press, |
| Date of publication, distribution, etc | c1979. |
| 300 ## - PHYSICAL DESCRIPTION | |
| Extent | xi, 210 p. ; |
| 504 ## - BIBLIOGRAPHY, ETC. NOTE | |
| Bibliography, etc | Includes bibliographical references and index. |
| 650 #0 - SUBJECT ADDED ENTRY--TOPICAL TERM | |
| Topical term or geographic name as entry element | Environmental ethics. |
| 9 (RLIN) | 36167 |
| 650 #0 - SUBJECT ADDED ENTRY--TOPICAL TERM | |
| Topical term or geographic name as entry element | Social ethics. |
| 9 (RLIN) | 36168 |
| 650 #0 - SUBJECT ADDED ENTRY--TOPICAL TERM | |
| Topical term or geographic name as entry element | Technology |
| General subdivision | Moral and ethical aspects. |
| 9 (RLIN) | 36169 |
| 650 #0 - SUBJECT ADDED ENTRY--TOPICAL TERM | |
| Topical term or geographic name as entry element | Twenty-first century. |
| 9 (RLIN) | 36170 |
| 700 1# - ADDED ENTRY--PERSONAL NAME | |
| Personal name | Goodpaster, Kenneth E., |
| Dates associated with a name | 1944- |
| 9 (RLIN) | 36171 |
| 700 1# - ADDED ENTRY--PERSONAL NAME | |
| Personal name | Sayre, Kenneth M., |
| Dates associated with a name | 1928- |
| 9 (RLIN) | 21609 |
| 906 ## - LOCAL DATA ELEMENT F, LDF (RLIN) | |
| a | 7 |
| b | cbc |
| c | orignew |
| d | 1 |
| e | ocip |
| f | 19 |
| g | y-gencatlg |
| 942 ## - ADDED ENTRY ELEMENTS (KOHA) | |
| Source of classification or shelving scheme | Library of Congress Classification |
| Koha item type | Monograph ( Printed materials) |
| Withdrawn status | Lost status | Source of classification or shelving scheme | Damaged status | Not for loan | Collection code | Home library | Current library | Shelving location | Date acquired | Total Checkouts | Full call number | Barcode | Date last seen | Date checked out | Copy number | Price effective from | Koha item type |
|---|---|---|---|---|---|---|---|---|---|---|---|---|---|---|---|---|---|
| Library of Congress Classification | Main Collection | ARRUPE LIBRARY | ARRUPE LIBRARY | 04/03/2013 | 3 | GF80.E84 | 46003041938 | 27/05/2020 | 17/03/2020 | 1 | 04/03/2013 | Monograph ( Printed materials) |